Bilecik Bilecik Bilecik Bilecik Bilecik

Örneklerle JUMP kullanımı ve tarımsal araştırma için varyans analiz modelleri/ (Record no. 71137)

MARC details
000 -BAŞLIK
Sabit Uzunluktaki Kontrol Alanı 01166nam a22003137a 4500
001 - KONTROL NUMARASI
Control Dosyası 0070389
003 - KONTROL NUMARASI KİMLİĞİ
Kontrol Alanı KOHA_MİRAKIL
005 - EN SON İŞLEM TARİHİ ve ZAMANI
Kontrol Alanı 20260207004923.0
007 - FİZİKSEL TANIM SABİT ALAN - GENEL BİLGİ
Sabit uzunluklu kontrol alanı ta
008 - SABİT UZUNLUKTAKİ VERİ ÖGELERİ - GENEL BİLGİ
Sabit Alan 240116b2005 tu |||gr||||#||||0|tur |
020 ## - ISBN - ULUSLARARASI STANDART KİTAP NUMARASI
Isbn 975407173X
040 ## - KATALOGLAMA KAYNAĞI
Özgün Kataloglama Kurumu TR-BiSEU
Kataloglama Dili tur
Çeviri Kurumu TR-BiSEU
Açıklama Kuralları rda
041 0# - DİL KODU
Metin ya da ses kaydının dil kodu tur
044 ## - YAYINLAYAN/ÜRETEN KURULUŞUN ÜLKE KODU
ISO country code tu
050 ## - SINIFLAMA ve YER NUMARASI
Sınıflama Numarası T385
Yer Numarası .K34 2005
100 1# - KİŞİ ADI
Yazar Adı (Kişi adı) Kalaycı, Müfit.
245 1# - ESER ADI BİLDİRİMİ
Başlık Örneklerle JUMP kullanımı ve tarımsal araştırma için varyans analiz modelleri/
Sorumluluk Bildirimi Müfit Kalaycı ; Müfit Kalaycı.
264 #1 - ÜRERİM, YAYIN, DAĞITIM ve TELİF BİLDİRİMİ
Yayın yeri Eskişehir :
Yayınlayan Anadolu Tarımsal Araştırma Enstitüsü Müdürlüğü
Yayın tarihi 2005
300 ## - FİZİKSEL TANIMLAMA
Sayfa, Cilt vb. 296 sayfa; 25 cm+ 1 CD var.
336 ## - İÇERİK TÜRÜ
Content type term metin
Content type code txt
Source rdacontent
337 ## - MEDYA TÜRÜ
Media type term aracısız
Media type code n
Source rdamedia
338 ## - TAŞIYICI TÜRÜ
Carrier type term cilt
Carrier type code nc
Source rdacarrier
490 1# - DİZİ BİLDİRİMİ
Dizi Bildirimi Anadolu Tarımsal Araştırma Enstitüsü Müdürlüğü Yayınları Yayın no ;
Cilt Numarası 21.
500 ## - GENEL NOT
Genel Not Kaynakça var.
650 #0 - KONU BAŞLIĞI EK GİRİŞ - KONU TERİMİ
Konusal terim veya coğrafi ad Bilgisayar destekli tasarım.
9 (RLIN) 3078
650 #0 - KONU BAŞLIĞI EK GİRİŞ - KONU TERİMİ
Konusal terim veya coğrafi ad Bilgisayar grafikleri--bilgisayar programları.
9 (RLIN) 137283
830 1# - SERİ EK GİRİŞİ - TEKBİÇİM ESER ADI
Tekbiçim Başlık Anadolu Tarımsal Araştırma Enstitüsü Müdürlüğü Yayınları Yayın no ;
Volume number/sequential designation 21.
9 (RLIN) 137284
942 ## - EK GİRİŞ ÖGELERİ (KOHA)
Source of classification or shelving scheme Library of Congress Classification
Koha item type Book
Holdings
Materyal Türü Kalıcı Konum Mevcut Konum Raf Yeri Sınıflandırma Kaynağı Edinim Bilgisi Ana Konular Alt Konular Yer Numarası Demirbaş Numarası Fatura Tarihi Geri Çekilme Durumu Kayıp Durumu Hasarlı Durumu Kredi için değil Kayıt Tarih Toplam Ödünçverme Son Görülme Tarihi Son Kontrol Tarihi Genel / Bağış Notu
Book Prof. Dr. Azmi Özcan Kütüphanesi Prof. Dr. Azmi Özcan Kütüphanesi Birûni Salonu Library of Congress Classification Bağış TEKNOLOJİ Teknoloji (Genel) T385 .K34 2005 0070389 02/02/2026         16/01/2024   17/03/2025 17/03/2025 Fahri Altay, Akademisyen